000 00349nam a2200145Ia 4500
008 230917s9999||||xx |||||||||||||| ||und||
040 _e233520
_aMAIN
041 _aEnglish
082 _a380.5 C458L
100 _aChoudhury, S K
245 0 _aLectures on transport
260 _aBhopal
_bLyall Book
_c1967
300 _aviii, 312 p.
942 _cBK
999 _c218049
_d218049